Responses for National College Championship game #13 - Thursday, February 17, 2022

2022 National College Championship semifinal game 1.

Contestants

[<< previous game]

Raymond Goslow, a senior at Kennesaw State University in Kennesaw, Georgia

Neha Seshadri, a senior at Harvard University in Cambridge, Massachusetts

Nam Vu, a senior at Georgetown University in Washington, D.C.

[next game >>]

Jeopardy! Round responses

VIRTUE SIGNALING
TENNIS LESSON
A MONTH OF EVENTS
THE PLACES YOU'LL GO!
A KID DID THAT
HETERONYMS
(Mayim: These are words that are spelled the same but with different pronunciations and different meanings.)
    $200 30
an ox

Raymond
    $200 28
love

Nam
    $200 26
(Neha: What is April?)

November

NehaRaymond
    $200 25
(Raymond: Who is van Gogh?)

Rembrandt

NehaRaymond
    $200 29
a googol

Nam
    $200 20
present ["pree-ZENT"] & present ["PREZ-unt"]

Nam
    $400 22
humility

Raymond
    $400 27
Serena Williams

Neha
    $400 24
September

Raymond
    $400 23
(Raymond: What are chimpanzees?)
(Neha: What are orangutans?)

(mountain) gorillas

NehaRaymond
Triple Stumper
    $400 16
a popsicle

Raymond
    $400 19
[Neha gave the pronunciations in the reverse of the order listed in the clue.]

console ["kun-SOLE"] & console ["KON-sole"]

Neha
    $600 21
St. Sophia

Raymond
    $600 3
(Raymond: What is a fault line?)

a baseline

NehaRaymond
    $600 4
May

Neha
    $600 15
(Neha: What is the Caspian Sea?)

the Adriatic Sea

NehaRaymond
    $600 1
skateboarding

Nam
    $600 18
intern ["in-TERN"] & intern ["IN-tern"]

Triple Stumper
    $800 10
temperance

Raymond
    $800 17
(Roger) Federer

Nam
    $800 5
(Nam: What is November?)

March

NamNeha
    $2,000 14
Machu Picchu

Raymond
    $800 2
Braille

Nam
    $800 8
agape ["uh-GAPE"] & agape ["ah-GAH-pay"]

Neha
    $1000 11
cicada

Raymond
    $1000 12
(Emma) Raducanu

Neha
    $1000 6
April

Raymond
    $1000 7
Petra

Raymond
    $1000 9
minuet

Raymond
    $1000 13
unionized ["YOON-yun-ized"] & unionized ["un-EYE-un-ized"]

Raymond

Scores at the first commercial break (after clue 15):

Nam Neha Raymond
$600 $3,200 $7,800

Scores at the end of the Jeopardy! Round:

Nam Neha Raymond
$2,000 $3,600 $9,400

Double Jeopardy! Round responses

EXIT STAGE LEFT
AFTER THE WAR
WHITHER THE WEATHER?
FANG SHUI
THAT'S SHOW BIZ
FROM "M" TO "Y"
    $400 30
the cathedral

Raymond
    $400 27
(Nam: What is China?)

South Korea

NamRaymond
    $400 28
mist

Neha
    $400 29
Dracula

Nam
    $400 26
Ted Lasso

Raymond
    $400 22
monotony

Raymond
    $800 4
The Nutcracker

Neha
    $800 24
Reconstruction

Nam
    $800 8
(Neha: What is sleet?)
(Nam: What is hail?)

lightning

NamNeha
Triple Stumper
    $800 25
a viper

Raymond
    $800 20
(Lin-Manuel) Miranda

Neha
    $800 21
mandatory

Nam
    $1200 1
Sweeney Todd

Nam
    $6,000 23
the Hundred Years' War

Raymond
    $1200 5
a front

Neha
    $1200 15
[Mayim laughs surprisedly at the correct response.]

a hippo

Raymond
    $1200 19
(Nam: Who is Eminem?)
...
(Mayim: But I'm flattered you thought I sounded like Eminem.)

Logic

Nam
Triple Stumper
    $1200 9
(Raymond: What is mulberry?)
[Originally ruled incorrect; reversed before Daily Double at clue 23.]

mahogany

NamRaymond
    $1600 2
Audrey

Triple Stumper
    $1600 17
Kuwait

Raymond
    $1600 6
(Neha: What is condensation?)
(Raymond: What is saturation?)

supersaturation

NehaRaymond
Triple Stumper
    $1600 14
Hagrid

Neha
    $1600 16
Padma Lakshmi

Triple Stumper
    $1600 10
mimicry

Raymond
    $2000 3
(Neha: What is Tosca?)

La bohème

NamNeha
    $2000 12
the Peloponnesian War

Raymond
    $1,500 7
gale

Neha
    $2000 13
a chimera

Nam
    $2000 18
Minari

Nam
    $2000 11
meritocracy

Raymond

Scores at the end of the Double Jeopardy! Round:

Nam Neha Raymond
$10,000 $5,500 $25,800
(lock game)

[wagering suggestions for these scores]

Final Jeopardy! Round responses

WESTERN HEMISPHERE COUNTRIES
NehaWhat is Colombia and Panama?
$4,501
NamWhat are Nicaragua and Honduras?
$1,119
RaymondWhat is are Pa Panama + Colombia?
$5,021
Mexico & Guatemala

Final scores:

Nam Neha Raymond
$8,881 $999 $20,779
2nd place: $20,000 3rd place: $20,000 Winner: finalist, if one of 3 top-scoring winners; $35,000 for 4th place

Game dynamics:

Coryat scores:

Nam Neha Raymond
$10,000 $6,000 $19,800
14 R,
4 W
14 R
(including 1 DD),
6 W
26 R
(including 2 DDs),
4 W

Combined Coryat: $35,800

[game clues] [game scores] [suggest correction]

Game tape date: 2021-11-23
The J! Archive is created by fans, for fans. Scraping, republication, monetization, and malicious use prohibited; this site may use cookies and collect identifying information. See terms. The Jeopardy! game show and all elements thereof, including but not limited to copyright and trademark thereto, are the property of Jeopardy Productions, Inc. and are protected under law. This website is not affiliated with, sponsored by, or operated by Jeopardy Productions, Inc. Join the discussion at JBoard.tv.